FILOSOFIA DE LA RELIGION/

TRADUCCION DE: RELIGIONS PHILOSOPHIE

Enregistré dans:
Détails bibliographiques
Auteur principal: Welte, Bernhard (autor)
Format: Livre
Collection:BIBLIOTECA HERDER; 166
Sujets:
Tags: Ajouter un tag
Pas de tags, Soyez le premier à ajouter un tag!

MARC

LEADER 00000nam^a2200000^a^4500
001 000221170
005 20250521000000.0
009 20260310103908.955
020 |a 84-254-1180-7 
035 |a 031915 
037 |a Acervo Xavier Clavigero 
082 |a 200. 1 WEL 
100 |a Welte, Bernhard  |e (autor) 
245 1 0 |a FILOSOFIA DE LA RELIGION/  |c BERNHARD WELTE; TR. RAUL GABAS 
264 |a BARCELONA :  |b HERDER,  |c 1982 
300 |a 282p. 
336 |a texto  |b txt  |2 rdacontenido 
337 |a sin mediación  |b n  |2 rdamedio 
338 |a volumen  |b nc  |2 rdasoporte 
440 |a BIBLIOTECA HERDER;  |v 166 
520 |a TRADUCCION DE: RELIGIONS PHILOSOPHIE 
649 |a XX 
650 |a Religión -  |x Filosofía 
910 |a Fondo General 
920 |a Impresos - Libros 
930 |a Colección General 
905 |a 101 
901 |a 031915  |b IT1  |c ACC  |i 031915  |u 20250521 
901 |a 036803  |b IT1  |c ACC  |i 036803  |u 20250521 
902 |a https://opac.biblio.iteso.mx/vufind/Record/000221170